Pozemkové úpravy : Úvodní část

Salvato in:
Dettagli Bibliografici
Autori principali: Švehla, František (Autore), Vaňous, Miloslav (Autore)
Natura: Libro
Lingua:ceco
Pubblicazione: Praha : České vysoké učení technické v Praze, 1987
Tags: Aggiungi Tag
Nessun Tag, puoi essere il primo ad aggiungerne!!

MARC

LEADER 00000nam a22000003a 4500
001 stu87554
005 20150617225630.2
008 040607s1987----cs------------------cze-d
040 |a STU  |b slo 
041 0 |a cze 
044 |a cs 
080 |a 712(075.8) 
080 |a 528.063 
080 |a 528.486 
100 1 |a Švehla, František  |4 aut 
245 1 |a Pozemkové úpravy :  |b Úvodní část 
260 |a Praha :  |b České vysoké učení technické v Praze,  |c 1987 
300 |a 120 s 
700 1 |a Vaňous, Miloslav  |4 aut 
996 |b 284V029359  |c V*28268/S-88  |l VVT  |s A  |a 24  |w stu87554_0001